Social and Personality Development (Record no. 1968)

MARC details
000 -LEADER
fixed length control field 00774cam a2200265 a 4500
001 - CONTROL NUMBER
control field 3576223
003 - CONTROL NUMBER IDENTIFIER
control field OSt
005 - DATE AND TIME OF LATEST TRANSACTION
control field 20161128182453.0
008 - FIXED-LENGTH DATA ELEMENTS--GENERAL INFORMATION
fixed length control field 990512s2000 caua b 001 0 eng
010 ## - LIBRARY OF CONGRESS CONTROL NUMBER
LC control number 99030186
020 ## - INTERNATIONAL STANDARD BOOK NUMBER
International Standard Book Number 0534368190
040 ## - CATALOGING SOURCE
Original cataloging agency DLC
Transcribing agency DLC
Modifying agency DLC
050 00 - LIBRARY OF CONGRESS CALL NUMBER
Classification number BF723.P4
Item number S48 2000
082 00 - DEWEY DECIMAL CLASSIFICATION NUMBER
Classification number 302 SHA 1999
Edition number 21
100 1# - MAIN ENTRY--PERSONAL NAME
Personal name Shaffer, David R.
Dates associated with a name 1946-
9 (RLIN) 5172
245 10 - TITLE STATEMENT
Title Social and Personality Development
250 ## - EDITION STATEMENT
Edition statement 4th ed.
260 ## - PUBLICATION, DISTRIBUTION, ETC. (IMPRINT)
Place of publication, distribution, etc. Australia;
Name of publisher, distributor, etc. Wadsworth Pub.,
Date of publication, distribution, etc. c2000.
300 ## - PHYSICAL DESCRIPTION
Extent xxv, 565 p. :
Other physical details ill. ;
Dimensions 27 cm.
504 ## - BIBLIOGRAPHY, ETC. NOTE
Bibliography, etc Includes bibliographical references and indexes.
650 #0 - SUBJECT ADDED ENTRY--TOPICAL TERM
Topical term or geographic name as entry element Personality development
9 (RLIN) 5173
650 #0 - SUBJECT ADDED ENTRY--TOPICAL TERM
Topical term or geographic name as entry element Socialization
9 (RLIN) 5174
906 ## - LOCAL DATA ELEMENT F, LDF (RLIN)
a 7
b cbc
c orignew
d 1
e ocip
f 19
g y-gencatlg
942 ## - ADDED ENTRY ELEMENTS (KOHA)
Source of classification or shelving scheme Other/Generic Classification Scheme
Koha item type Short Loan
Holdings
Withdrawn status Lost status Source of classification or shelving scheme Damaged status Not for loan Home library Current library Date acquired Source of acquisition Inventory number Total Checkouts Full call number Barcode Date last seen Price effective from Koha item type Date last checked out
    Other/Generic Classification Scheme     MUST Main Library MUST Main Library 02/06/2015   2001/15958   302 SHA 1999 2015-1738 02/06/2015 02/06/2015 Short Loan  
    Other/Generic Classification Scheme     MUST Main Library MUST Main Library 02/06/2015   2001/15958   302 SHA 1999 2015-1739 02/06/2015 02/06/2015 Short Loan  
    Other/Generic Classification Scheme     MUST Main Library MUST Main Library 10/06/2015   2002/17296   302 SHA 1999 2015-1802 10/06/2015 10/06/2015 Short Loan  
    Dewey Decimal Classification     MUST Main Library MUST Main Library 07/02/2020 Purchase 02/17294 2 302 SHA 1999 2020-0418 12/05/2021 07/02/2020 Open Shelf 28/04/2021